000 01030nam a2200265 a 4500
001 71242
003 BD-RjUL
005 20211209082107.0
008 170430s1956 nyua j 000 0 eng d
035 _a(BD-RjUL)71457
040 _aDLC
_cDLC
_dBD-RjUL
_beng
041 _aeng
082 0 0 _a821.912
_223
_bMIN 1956
100 1 _aMilne, A. A.
_q(Alan Alexander),
_d1882-1956.
_9210782
245 1 0 _aNow we are six /
_cby A.A. Milne ; with decorations by Ernest H. Shepard.
260 _aNew York :
_bMethuen & Co.,
_c1956.
300 _ax, 103 p. :
_bill. ;
_c20 cm.
500 _a"First published in the United States of America by E.P. Dutton, 1927"--T.p. verso.
520 _aA collection of poems reflecting the experiences of a little English boy growing up in the early part of the twentieth century.
650 0 _aChildren's poetry, English.
_9166921
650 1 _aEnglish poetry.
_9210783
700 1 _aShepard, Ernest H.
_q(Ernest Howard),
_d1879-1976,
_eill.
_9210784
942 _2ddc
_cBK
999 _c71242
_d71242